| 000 | 00968nam a2200229 a 4500 | ||
|---|---|---|---|
| 001 | BRCA_9081 | ||
| 005 | 20190320210521.0 | ||
| 008 | 060917s1768----sp-#######---#000-0#spa-# | ||
| 041 | _aspa | ||
| 044 | _asp | ||
| 084 |
_aCO41 _b.M37 1768 |
||
| 100 | 1 |
_aMartínez, Manuel Silvestre _921602 |
|
| 245 | 1 | 0 |
_aLibrería de jueces, utilísima, y universal... _ben que por oden alfbetico, en forma de Reportorio decisivo de la moderna, y mas floreciente Real Jurisprudencia... : tomo quarto ultimo _csu autor el Lic. D. Manuel Sylvestre Martínez... |
| 260 |
_aMadrid _bEn la Imprenta de la viuda de Eliseo Sánchez _c1768 |
||
| 300 |
_a411 p. (t.4) _c20.5 x 15.5 cm |
||
| 500 | _aCon privilegio | ||
| 500 | _aDedicado al excelentísimo señor D. Pedro Pablo Abarca de Bolea Ximenez de Urrea | ||
| 500 | _aEstado físico: presenta encuadernación en pergamino, con cintas rotas | ||
| 650 | 1 | 4 |
_aJuisprudencia _yS. XVIII _zEspaña _921937 |
| 902 | _aCFM | ||
| 942 |
_2lcc _cB |
||
| 999 |
_c8731 _d8731 |
||